Blur Discography (Hard) - Statistics

General Stats
  • This quiz has been taken 33 times
    32 since last reset
  • The average score is 10 of 26
Answer Stats
Year Type Name % Correct
1997 Solo Album Blur
95%
1994 Solo Album Parklife
95%
1991 Solo Album Leisure
91%
1993 Solo Album Modern Life Is Rubbish
91%
1999 Solo Album 13
86%
1995 Solo Album The Great Escape
82%
2003 Solo Album Think Tank
77%
2023 Solo Album The Ballad Of Darren
73%
2015 Solo Album The Magic Whip
68%
2012 Live Album Parklive
64%
1997 EP Live
59%
2000 Compilation Album Blur: The Best Of
50%
2012 Box Set Blur 21
36%
1998 Remix Album Bustin' + Dronin'
36%
1996 Live Album Live at Budokan
9%
2009 Compilation Album Midlife: A Beginner's Guide to Blur
9%
1994 Compilation Album The Special Collectors Edition
9%
2009 Live Album All The People: Blur Live at Hyde Park 02 July 2009
5%
2009 Live Album All The People: Blur Live at Hyde Park 03 July 2009
5%
2009 LIve Album Live 2009
5%
2012 EP Blur Live From The BRITs
0%
2003 EP Exclusive 5 Track CD
0%
1995 Video Album Showtime
0%
1999 Box Set The 10 Year Limited Edition Anniversary Box Set
0%
1994 Box Set The Brit Pop Blur Box
0%
1999 EP The Observer CD
0%
No matching quizzes found
Score Distribution
Percent of People with Each Score
Percentile by Number Answered
Your Score History
You have not taken this quiz since the last reset